<?xml version="1.0" encoding="UTF-8"?>
<record
    xmlns:xsi="http://www.w3.org/2001/XMLSchema-instance"
    xsi:schemaLocation="http://www.loc.gov/MARC21/slim http://www.loc.gov/standards/marcxml/schema/MARC21slim.xsd"
    xmlns="http://www.loc.gov/MARC21/slim">

  <leader>01143nam a22002417a 4500</leader>
  <controlfield tag="005">20100610100954.0</controlfield>
  <controlfield tag="008">100610t        xxu||||| |||| 00| 0 hin d</controlfield>
  <datafield tag="010" ind1=" " ind2=" ">
    <subfield code="a">HIN-89527</subfield>
  </datafield>
  <datafield tag="020" ind1=" " ind2=" ">
    <subfield code="c">60.00</subfield>
  </datafield>
  <datafield tag="035" ind1=" " ind2=" ">
    <subfield code="a">HN-61873</subfield>
  </datafield>
  <datafield tag="037" ind1=" " ind2=" ">
    <subfield code="b">DBAD / PUB</subfield>
  </datafield>
  <datafield tag="040" ind1=" " ind2=" ">
    <subfield code="a">DPL</subfield>
    <subfield code="b">HN</subfield>
  </datafield>
  <datafield tag="082" ind1=" " ind2=" ">
    <subfield code="a">920</subfield>
  </datafield>
  <datafield tag="245" ind1=" " ind2=" ">
    <subfield code="a">&#x926;&#x93E;&#x92E;&#x94B;&#x926;&#x930; &#x927;&#x930;&#x94D;&#x92E;&#x93E;&#x928;&#x928;&#x94D;&#x926; &#x915;&#x94B;&#x938;&#x93E;&#x92E;&#x94D;&#x92C;&#x940; /</subfield>
    <subfield code="c">&#x930;&#x93E;&#x91C;&#x947;&#x928;&#x94D;&#x926;&#x94D;&#x930; &#x936;&#x930;&#x94D;&#x92E;&#x93E; &#x926;&#x94D;&#x935;&#x93E;&#x930;&#x93E; &#x938;&#x902;&#x92A;&#x93E;&#x926;&#x93F;&#x924;</subfield>
    <subfield code="b">edited by Rajender Sharma</subfield>
  </datafield>
  <datafield tag="246" ind1=" " ind2=" ">
    <subfield code="a">Damodar Dharmanand Kosamby/</subfield>
  </datafield>
  <datafield tag="260" ind1=" " ind2=" ">
    <subfield code="a">&#x928;&#x908; &#x926;&#x93F;&#x932;&#x94D;&#x932;&#x940;</subfield>
    <subfield code="b">&#x938;&#x939;&#x92E;&#x924;</subfield>
    <subfield code="c">2009</subfield>
  </datafield>
  <datafield tag="270" ind1=" " ind2=" ">
    <subfield code="a">29 &#x92B;&#x93F;&#x930;&#x94B;&#x91C; &#x936;&#x93E;&#x939; &#x930;&#x94B;&#x921;</subfield>
    <subfield code="b">&#x928;&#x908; &#x926;&#x93F;&#x932;&#x94D;&#x932;&#x940;</subfield>
    <subfield code="e">110001</subfield>
    <subfield code="k">23070787</subfield>
    <subfield code="m">sahmat@vsnl.com</subfield>
  </datafield>
  <datafield tag="300" ind1=" " ind2=" ">
    <subfield code="a">110&#x92A;&#x943;</subfield>
    <subfield code="c">22&#x938;&#x947;&#x92E;&#x940; (&#x905;&#x91C;&#x93F;&#x932;&#x94D;&#x926;)</subfield>
  </datafield>
  <datafield tag="490" ind1=" " ind2=" ">
    <subfield code="a">&#x938;&#x939;&#x92E;&#x924;-&#x92E;&#x941;&#x915;&#x94D;&#x924;&#x928;&#x93E;&#x926;&#x903; &#x905;&#x902;&#x915; 41</subfield>
    <subfield code="9">23064</subfield>
  </datafield>
  <datafield tag="700" ind1=" " ind2=" ">
    <subfield code="a">&#x936;&#x930;&#x94D;&#x92E;&#x93E;, &#x930;&#x93E;&#x91C;&#x947;&#x928;&#x94D;&#x926;&#x94D;&#x930;</subfield>
    <subfield code="9">23065</subfield>
  </datafield>
  <datafield tag="942" ind1=" " ind2=" ">
    <subfield code="2">ddc</subfield>
    <subfield code="c">HN</subfield>
    <subfield code="m">&#x926;&#x93E;&#x92E;&#x94B;&#x926;</subfield>
    <subfield code="h">920</subfield>
  </datafield>
  <datafield tag="999" ind1=" " ind2=" ">
    <subfield code="c">36659</subfield>
    <subfield code="d">36659</subfield>
  </datafield>
  <datafield tag="952" ind1=" " ind2=" ">
    <subfield code="0">0</subfield>
    <subfield code="1">0</subfield>
    <subfield code="2">ddc</subfield>
    <subfield code="4">0</subfield>
    <subfield code="7">1</subfield>
    <subfield code="8">NFIC</subfield>
    <subfield code="a">DBAD</subfield>
    <subfield code="b">DBAD</subfield>
    <subfield code="d">2010-06-10</subfield>
    <subfield code="e">DBAD / PUB</subfield>
    <subfield code="g">60.00</subfield>
    <subfield code="l">0</subfield>
    <subfield code="o">&#x926;&#x93E;&#x92E;&#x94B;&#x926;</subfield>
    <subfield code="p">HN-61873</subfield>
    <subfield code="r">2010-06-10 00:00:00</subfield>
    <subfield code="t">1</subfield>
    <subfield code="v">60.00</subfield>
    <subfield code="w">2010-06-10</subfield>
    <subfield code="y">HN</subfield>
  </datafield>
</record>
